| 000 | 00483 a2200193 4500 | ||
|---|---|---|---|
| 001 | 137877 | ||
| 020 | _a9788547217754 | ||
| 040 | _cLeonardo Da Vinci | ||
| 041 | _aPortuguês | ||
| 082 |
_a340.0202 M346i _bM346i |
||
| 100 | _aMARTINS, Sergio Pinto | ||
| 245 | _aInstituições de direito público e privado | ||
| 250 | _a17. ed | ||
| 260 |
_bSaraiva _c2017 _aSão Paulo |
||
| 300 | _a516 | ||
| 362 | _a20170000 | ||
| 697 |
_aDireito público _aDireito privado |
||
| 942 | _cBK | ||
| 999 |
_c137877 _d137877 |
||